| 000 | 00806nam a2200229 a 4500 | ||
|---|---|---|---|
| 001 | 000048418 | ||
| 005 | 20201002061135.0 | ||
| 008 | 190314s2018 dr r 000 0 spa d | ||
| 020 | _a9789945590852 | ||
| 040 |
_aDO-SdBNP _bspa _cBNPHU |
||
| 082 |
_axxxx _bB453v |
||
| 100 | 1 |
_aBeltré, José Luis _975828 |
|
| 245 | 1 | 3 |
_aEl voto preferencial en República Dominicana / _cJosé Luis Beltre, Natanael Disla, Pamela de la Rosa. |
| 260 |
_aSanto Domingo : _bFUNGLODE, _c2018. |
||
| 300 |
_a52 p. ; _c23 cm. |
||
| 500 | _aIncluye referencias bibliográficas y notas al pie de las páginas | ||
| 500 | _aCuadernos del Observatorio Político Dominicano. | ||
| 504 | _aBibliografía : p. 48-52 | ||
| 590 | _aInventariado, 2019/BT | ||
| 700 | 1 |
_aDisla, Natanael _974732 |
|
| 700 | 1 |
_aRosa, Pamela de la _975829 |
|
| 999 |
_c47906 _d47906 |
||